000 00641nam a2200193Ia 4500
008 090124s9999 xx 000 0 und d
020 _a81-7434-387-3
082 _b46073
100 _aकर्वे प्रियदर्शिनी
245 _a ऊर्जेच्या शोधात...
250 _a1
260 _c2007
300 _a170
600 _aकर्वे प्रियदर्शिनी
630 _a ऊर्जेच्या शोधात...
700 _aकर्वे प्रियदर्शिनी
730 _a ऊर्जेच्या शोधात...
942 _cBOOK
999 _c112294
_d112294